| 000 | 01070cam a2200229 4500 | ||
|---|---|---|---|
| 001 | ABS65813 | ||
| 008 | 020902n2002 000 0 eng u | ||
| 035 | _a(Sirsi) u119522 | ||
| 100 | _aCottingham, R. | ||
| 245 | _aI-terms and conditions | ||
| 260 | _c2002 | ||
| 490 |
_aEstates Gazette _v(232) 3 August 2002, 88-89(2) |
||
| 520 | _aDetails a range of issues to be discussed in relation to data centres that are of direct relevance to the property industry. Notes that centres often do not fall into any particular set category such as Class B1, but require they do express planning permission for specific use. There are a number of data centre lease issues to judge including fixtures and fittings, repair and insurance. For example, the ownership of the newly installed plant and equipment has to be considered. | ||
| 590 | _aABS | ||
| 650 | _aDATA CENTRES | ||
| 650 | _aCLASS B1 | ||
| 650 | _aLEASES | ||
| 650 |
_aInsurance _96249 |
||
| 650 | _aFIXTURES AND FITTINGS | ||
| 690 | _aPROPERTY-COMMERCIAL PROPERTY-COMMERCIAL PROPERTY MARKET | ||
| 942 | _n0 | ||
| 999 |
_c71052 _d71052 |
||